000 00766nam a2200241Ia 4500
999 _c5243
_d5243
001 139601
003 GBCCL
005 20241126110537.0
008 021212s1971 miu 000 0 eng
035 _a(OCoLC)ocm51211406
035 _a(OCoLC)51211406
040 _aOXG
_cOXG
_dLBB
049 _aLBBK
082 _a248.32
_bUNK
090 _aBV210.2
_b.U52 1971
100 0 _aUnknown Christian.
_97795
245 1 4 _aThe kneeling Christian /
_cby the author of How to live the victorious Christian life, an unknown Christian ; introduction by P.J. Zondervan.
260 _aGrand Rapids, Mich. :
_bZondervan Pub. House,
_cc1971.
300 _a135 p. ;
_c18 cm.
520 _aLloyd M. Perry Collection.
650 0 _aPrayer
_xChristianity.
_9227
942 _2ddc
_cBK
_03